000 00582nam a22001817a 4500
005 20251108164151.0
008 250721s2010 xx 000 0 ara d
082 1 4 _a005.8/زعن
100 1 _aأبو زعنونة، مروان العبد محمد
245 1 0 _aمقدمة في أمن الشبكات /
246 1 1 _aNetwork security
264 1 _aعمان :
_bدار المعتز للنشر و التوزيع،
_c2010.
300 _a174ص.
650 1 7 _aادارة الحاسوب
700 1 _aالصويتي، علاء الدين محمد
942 _2ddc
_cBK
999 _c5339
_d5339